000 00312 a2200133 4500
999 _c324338
_d324338
001 89265
003 NUST
082 _a891.4397 SHA
100 _aShafeeq Ur Rehman
_99652
245 _aParwaaz
260 _aLahore
_bSang-e-meel Publications
_c2009
300 _a176p.
500 _aGeneral Books
942 _aCAE NUST
_cBK
_k891.4397 SHA
_2ddc